Music Quiz

Random Music or Song Quiz

Eminem Song by Lyric Quiz Stats

 Plays Quiz Updated Jul 13, 2013

Challenge
Share
Tweet
Embed
Score 0/20 Timer 07:00
3 Plays Today
Lyrics Song % Correct
Dear Mr. I'm too good to call or write my fans.Stan
80.4%
Y'all act like you never seen a white person before.The Real Slim Shady
69.9%
Now this looks like a job for me so everybody just follow me.Without Me
66.2%
This world is mine for the taking, make me king!Lose Yourself
65.4%
Guess that's why they call it 'window pane'.Love the Way You Lie
64.2%
I can see it in your eyes, deep inside you wanna cry.Mockingbird
63%
I'm supposed to be the soldier, who never blows his composure.Like Toy Soldiers
60.9%
I want to save you girl, come be in Shady's world.Superman
55.6%
Have you ever been hated or discriminated against?Cleanin' Out My Closet
55.2%
But baby we're in Sweden, how did you get to Sweden?When I'm Gone
54.3%
Lyrics Song % Correct
Holla if you feel like you've been down the same road. Not Afraid
49.6%
Lately I've been hard to reach, I've been too long on my ownBeautiful
42.2%
Man, if I could sing, I'd keep singing this song to my daughter.Hailie's Song
41.1%
They say music can alter moods and talk to you.Sing for the Moment
39.7%
I'm so sick and tired of being admired, that I wish that I would just die or get firedThe Way I Am
39.4%
I'm alive again, more alive than I had been in my whole entire life.No Love
35.5%
I scrutinize every word, memorize every line.Mosh
26.8%
You think that's bad, you should hear the rest of my album.We Made You
21.5%
Watching me while I write this like 'I don't like this, No!'White America
20.8%
I roam the streets so much they call me a drifterYellow Brick Road
11.2%

You're not logged in!

Compare scores with friends on all Sporcle quizzes.
Join for Free
OR
Log In

You Might Also Like...

Show Comments

Extras

Top Quizzes Today


Score Distribution

Your Account Isn't Verified!

In order to create a playlist on Sporcle, you need to verify the email address you used during registration. Go to your Sporcle Settings to finish the process.

Report this User

Report this user for behavior that violates our Community Guidelines.

Details: